01013 2200181 4500001002100000005001500021035002000036245012100056100002100177250001700198300002800215260004400243082000800287084001500295020002200310600001200332520048700344INLIS00000000000087920250120105422 a0010-01250000521 aEnsiklopedi Eksperimen Sains untuk Kelas Belajar Siswa Aktif 3 :bDari Biji Jagung Hingga Kacang /cTim Listafariska0 aTim Listafariska aCetakan ke-1 a94 hlm :bIlus ;c21 cm aJakarta :bPT Listafariska Putra,c2006 a500 a500 TIM e a979-978-242-497-0 4atanaman aEnsiklopedi percobaan ini dipersembahkan buat anak-anak Sekolah Dasar dengan Sistem Kelas Belajar Siswa Aktif. Dengan metode yang sangat atraktif dan menarik buku ini diharapkan bisa mendorong semangat anak-anak untuk menjadi peneliti dan penemu di dunia Sains yang berkembang pesat. Ensiklopedi pemula ini diharapkan menjadi buku pemula bagi para saintis dan merangsang semangat belajar bagi anak-anak karena dihiasi dengan ilustrasi yang penuh warna dan memikat buat anak-anak.